Miracles on Maple Hill / (Registro nro. 10190)

Detalles MARC
000 -LIDER
fixed length control field 00710nam a22002417a 4500
001 - NÚMERO DE CONTROL
Identificador de número de control 00004741
003 - IDENTIFICACDOR DE NÚMERO DE CONTROL
control field DO-SdBNP
005 - DATE AND TIME OF LATEST TRANSACTION
control field 20180130144834.0
007 - CAMPOS FIJOS DE DESCRIPCIÓN FÍSICA
fixed length control field 00004741
008 - ELEMENTOS DE LONGITUD FIJA
fixed length control field 160523b 1984 nyu xxu||||| |||| 00| 0 spa d
020 ## - ISBN
International Standard Book Number 0590431455
040 ## - FUENTE DE CATALOGACIÓN
Agencia que crea de manera original el registro BPMSU
Idioma de catalogación spa
Agencia que realiza la transcripción BPMSU
092 ## - LOCALLY ASSIGNED DEWEY DECIMAL CALL NUMBER
Número de clasificación xxxxx
Número de ítem (Cutter) xxxxx
100 1# - ASIENTO PRINCIPAL -- NOMBRE PERSONAL
Nombre personal Sorensen, Virginia,
Fechas asociadas con el nombre 1912-1991.
245 10 - MENCIÓN DE TITULO
Título Miracles on Maple Hill /
Mención de responsabilidad Virginia Sorensen ; illustrated by Beth and Joe Krush.
260 ## - PUBLICACIÓN, DISTRIBUCIÓN, ETC. (PIE DE IMPRENTA)
Lugar de publicación, distribución, etc New York :
Nombre del editor, distribuidor, etc. Scholastic.
Fecha de publicación, distribución, etc 1984.
300 ## - DESCRIPCIÓN FÍSICA
Extensión 180 p. :
Otros detalles físicos ill. ;
Dimensiones 22 cm.
700 1# - ASIENTO SECUNDARIO -- NOMBRE PERSONAL
Nombre personal Krush, Beth
700 1# - ASIENTO SECUNDARIO -- NOMBRE PERSONAL
Nombre personal Krush, Joe
942 ## - ADDED ENTRY ELEMENTS (KOHA)
Source of classification or shelving scheme Dewey Decimal Classification
Koha item type Libros
945 ## - INFORMACIÓN DE PROCESAMIENTO LOCAL
Información de procesamiento local Inventariado, 2018 / BT
956 ## - LOCAL ELECTRONIC LOCATION AND ACCESS (OCLC)
Método de acceso LOPEREZ
Materiales especificados 10
Enlace BPMSU
Campo enlazado y núm. de secuencia 20160522
Nombre de host 00041
Existencias
Withdrawn status Lost status Source of classification or shelving scheme Damaged status Not for loan Collection code Home library Current library Date acquired Source of acquisition Total Checkouts Barcode Date last seen Price effective from Koha item type Copy number
    Dewey Decimal Classification     Colección Juvenil General Biblioteca Pública Metropolitana Salomé Ureña Biblioteca Pública Metropolitana Salomé Ureña 05/23/2016 FUNDI   BPMSU16050416 05/23/2016 05/23/2016 Libros  
    Dewey Decimal Classification     Colección Juvenil General Biblioteca Pública Metropolitana Salomé Ureña Biblioteca Pública Metropolitana Salomé Ureña 01/30/2018 FUNDI   BPMSU18010088 01/30/2018 01/30/2018 Libros e. 2